Top 10 Players on each NFL Team for 2022 (no order) - Statistics

General Stats
  • This quiz has been taken 34 times
  • The average score is 42 of 320
Answer Stats
Team Position Answer % Correct
Cardinals WR DeAndre Hopkins
96%
Cardinals QB Kyler Murray
96%
Cardinals SS Budda Baker
69%
Packers RB Aaron Jones
65%
Raiders DE Chandler Jones
65%
Cardinals RB James Conner
65%
Jaguars WR Marvin Jones
65%
Cardinals TE Zach Ertz
65%
Giants QB Daniel Jones
62%
Patriots QB Mac Jones
62%
Cardinals DE JJ Watt
54%
Chargers WR Mike Williams
50%
Steelers LB TJ Watt
46%
Bills QB Josh Allen
42%
Jaguars LB Josh Allen
42%
Chiefs WR Juju Smith-Schuster
42%
Chargers WR Keenan Allen
42%
Ravens QB Lamar Jackson
42%
Chiefs DT Chris Jones
38%
Lions WR Amon-Ra St. Brown
35%
Panthers WR DJ Moore
35%
Chargers QB Justin Herbert
35%
Chargers LB Khalil Mack
35%
Ravens TE Mark Andrews
35%
Bills CB TreDavious White
35%
Rams DT Aaron Donald
31%
Commanders DE Chase Young
31%
Rams WR Cooper Kupp
31%
Rams CB Jalen Ramsey
31%
Bengals WR JaMarr Chase
31%
Chargers DE Joey Bosa
31%
Ravens K Justin Tucker
31%
Rams QB Matthew Stafford
31%
Colts QB Matt Ryan
31%
49ers DE Nick Bosa
31%
Broncos QB Russell Wilson
31%
Bills WR Stefon Diggs
31%
Cowboys CB Trevon Diggs
31%
Dolphins WR Tyreek Hill
31%
Vikings WR Adam Thielen
27%
Eagles WR AJ Brown
27%
Rams WR Allen Robinson
27%
Panthers RB Christian McCaffrey
27%
Vikings RB Dalvin Cook
27%
Patriots RB Damien Harris
27%
Colts LB Darius Leonard
27%
Texans RB David Johnson
27%
Saints LB Demario Davis
27%
Raiders QB Derek Carr
27%
Bengals QB Joe Burrow
27%
Colts RB Jonathan Taylor
27%
Raiders RB Josh Jacobs
27%
Vikings WR Justin Jefferson
27%
Browns RB Kareem Hunt
27%
Giants WR Kenny Golladay
27%
Vikings QB Kirk Cousins
27%
Falcons TE Kyle Pitts
27%
Browns DE Myles Garrett
27%
Steelers RB Najee Harris
27%
Giants RB Saquon Barkley
27%
Dolphins CB Xavien Howard
27%
Packers QB Aaron Rodgers
23%
Texans WR Brandin Cooks
23%
Falcons WR Calvin Ridley
23%
Raiders TE Darren Waller
23%
Raiders WR Davante Adams
23%
Chargers SS Derwin James
23%
Browns QB Deshaun Watson
23%
Eagles QB Jalen Hurts
23%
Bengals RB Joe Mixon
23%
Ravens CB Marcus Peters
23%
Cardinals WR Marquise Brown
23%
Browns RB Nick Chubb
23%
Titans WR Robert Woods
23%
Chiefs TE Travis Kelce
23%
49ers LT Trent Williams
23%
Jaguars QB Trevor Lawrence
23%
Bills LB Von Miller
23%
Falcons CB AJ Terrell
19%
Saints RB Alvin Kamara
19%
Chargers RB Austin Ekeler
19%
Saints DE Cameron Jordan
19%
Cowboys WR CeeDee Lamb
19%
Falcons RB Cordarrelle Patterson
19%
Cowboys QB Dak Prescott
19%
49ers WR Deebo Samuel
19%
Seahawks WR DK Metcalf
19%
Cowboys RB Ezekiel Elliott
19%
Seahawks SS Jamal Adams
19%
Raiders DE Maxx Crosby
19%
Saints WR Michael Thomas
19%
Chiefs QB Patrick Mahomes
19%
Colts OG Quenton Nelson
19%
Cardinals C Rodney Hudson
19%
Bucs QB Tom Brady
19%
Broncos DE Bradley Chubb
15%
Panthers DE Brian Burns
15%
Rams RB Cam Akers
15%
Seahawks RB Chris Carson
15%
Jaguars WR Christian Kirk
15%
Texans QB Davis Mills
15%
Titans RB Derrick Henry
15%
49ers TE George Kittle
15%
Falcons DT Grady Jarrett
15%
Dolphins WR Jaylen Waddle
15%
Giants WR Kadarius Toney
15%
Bucs LB Lavonte David
15%
Cowboys LB Micah Parsons
15%
Bucs WR Mike Evans
15%
Titans QB Ryan Tannehill
15%
Giants WR Sterling Shepard
15%
Lions TE TJ Hockenson
15%
Jaguars DE Travon Walker
15%
Rams TE Tyler Higbee
15%
Packers RB AJ Dillon
12%
Commanders QB Carson Wentz
12%
Bucs WR Chris Godwin
12%
Broncos WR Courtland Sutton
12%
Eagles CB Darius Slay
12%
Giants WR Darius Slayton
12%
Bears WR Darnell Mooney
12%
Bears RB David Montgomery
12%
Packers LB DeVondre Campbell
12%
Vikings SS Harrison Smith
12%
Raiders WR Hunter Renfrow
12%
Saints WR Jarvis Landry
12%
Chargers CB JC Jackson
12%
Bengals FS Jessie Bates
12%
49ers QB Jimmy Garoppolo
12%
Bills SS Jordan Poyer
12%
Broncos FS Justin Simmons
12%
Patriots LB Matthew Judon
12%
Bills FS Micah Hyde
12%
Dolphins TE Mike Gesicki
12%
Jets DT Quinnen Williams
12%
Bills K Tyler Bass
12%
Falcons K Younghoe Koo
12%
Lions DE Aidan Hutchinson
8%
Giants OT Andrew Thomas
8%
Jets RB Breece Hall
8%
Jets LB CJ Mosley
8%
Bears TE Cole Kmet
8%
Eagles TE Dallas Goedert
8%
Cowboys TE Dalton Schultz
8%
Lions RB D'Andre Swift
8%
Vikings DE Danielle Hunter
8%
Colts DT DeForest Buckner
8%
Falcons LB Deion Jones
8%
Cowboys DE DeMarcus Lawrence
8%
Browns CB Denzel Ward
8%
Falcons WR Drake London
8%
Bears FS Eddie Jackson
8%
Lions C Frank Ragnow
8%
Bills WR Gabriel Davis
8%
Patriots TE Hunter Henry
8%
Packers CB Jaire Alexander
8%
Patriots WR Jakobi Meyers
8%
Eagles C Jason Kelce
8%
Broncos RB Javonte Williams
8%
Panthers CB Jaycee Horn
8%
Browns OT Joel Bitonio
8%
Bengals LB Logan Wilson
8%
Ravens CB Marlon Humphrey
8%
Bills LB Matt Milano
8%
Colts WR Michael Pittman
8%
Steelers LB Myles Jack
8%
Ravens LB Patrick Queen
8%
Broncos CB Patrick Surtain
8%
Broncos DE Randy Gregory
8%
Seahawks RB Rashaad Penny
8%
Chargers OT Rashawn Slater
8%
Patriots RB Rhamondre Stevenson
8%
Bears LB Roquan Smith
8%
Commanders WR Terry McLaurin
8%
Bengals DT Trey Hendrickson
8%
49ers QB Trey Lance
8%
Seahawks WR Tyler Lockett
8%
Rams WR Van Jefferson
8%
Giants S Xavier McKinney
8%
Cowboys OG Zack Martin
8%
49ers WR Brandon Aiyuk
4%
Jaguars OG Brandon Scherff
4%
Dolphins CB Byron Jones
4%
Steelers DT Cameron Heyward
4%
Dolphins RB Chase Edmonds
4%
Bengals CB Chidobe Awuzie
4%
Vikings OT Christian Darrisaw
4%
Jets TE CJ Uzomah
4%
Jets WR Corey Davis
4%
Chiefs C Creed Humphrey
4%
Panthers DT Derrick Brown
4%
Steelers WR Diontae Johnson
4%
Cardinals LT DJ Humphries
4%
Bills DT Ed Oliver
4%
49ers RB Elijah Mitchell
4%
Jets WR Elijah Moore
4%
Dolphins DE Emmanuel Ogbah
4%
Vikings LB Eric Kendricks
4%
Eagles DT Fletcher Cox
4%
Jaguars LB Foyesade Oluokun
4%
Panthers LT Ikem Ekwonu
4%
Falcons OT Jake Matthews
4%
Eagles CB James Bradberry
4%
Jaguars RB James Robinson
4%
Dolphins K Jason Sanders
4%
Bears CB Jaylon Johnson
4%
Titans DT Jeffery Simmons
4%
Panthers S Jeremy Chinn
4%
Dolphins S Jevon Holland
4%
49ers CB Jimmie Ward
4%
Chiefs OG Joe Thuney
4%
Panthers P Johnny Hekker
4%
Commanders CB Kendall Fuller
4%
Patriots WR Kendrick Bourne
4%
Packers DT Kenny Clark
4%
Steelers QB Kenny Pickett
4%
Titans FS Kevin Byard
4%
Ravens S Kyle Hamilton
4%
Eagles OT Lane Johnson
4%
Texans OT Laremy Tunsil
4%
Titans QB Malik Willis
4%
Ravens S Marcus Williams
4%
Chiefs WR Marquez Valdes-Scantling
4%
Rams K Matt Gay
4%
Steelers SS Minkah Fitzpatrick
4%
Patriots WR Nelson Agholor
4%
Patriots K Nick Folk
4%
Texans WR Nico Collins
4%
Seahawks TE Noah Fant
4%
Chiefs OT Orlando Brown
4%
Lions OT Penei Sewell
4%
Seahawks FS Quandre Diggs
4%
Packers LB Rashan Gary
4%
Texans RB Rex Burkhead
4%
Bears DE Robert Quinn
4%
Saints OT Ryan Ramczyk
4%
Bengals DE Sam Hubbard
4%
Panthers LB Shaq Thompson
4%
Jaguars CB Shaquill Griffin
4%
Dolphins LT Terron Armstead
4%
Patriots OT Trent Brown
4%
Saints FS Tyrann Mathieu
4%
Cowboys OT Tyron Smith
4%
Bucs DT Vita Vea
4%
Browns RG Wyatt Teller
4%
Texans OG AJ Cann
0%
Bucs OL Alex Cappa
0%
Lions CB Amani Oruwariye
0%
49ers CB Ambry Thomas
0%
Commanders RB Antonio Gibson
0%
Panthers RG Austin Corbett
0%
Giants DE Azeez Ojulari
0%
Colts OT Braden Smith
0%
Jets WR Braxton Berrios
0%
Vikings OL Brian O'Neill
0%
Broncos CB Bryce Callahan
0%
Jets CB Bryce Hall
0%
Titans CB Caleb Farley
0%
Jaguars OT Cam Robinson
0%
Bucs CB Carlton Davis
0%
Raiders CB Casey Heyward
0%
Seahawks LT Charles Cross
0%
Steelers WR Chase Claypool
0%
Saints S Chauncey Gardner-Johnson
0%
Texans WR Chris Conley
0%
Bears C Cody Whitehair
0%
Chargers C Corey Linsley
0%
Commanders WR Curtis Samuel
0%
Bears RG Dakota Dozier
0%
Broncos OL Dalton Risner
0%
Colts OG Danny Pinter
0%
Rams CB David Long
0%
Titans DE Denico Autry
0%
Steelers LB Devin Bush
0%
Bucs LB Devin White
0%
Lions WR DJ Chark
0%
Bengals DT DJ Reader
0%
Seahawks OT Duane Brown
0%
Commanders WR Dyami Brown
0%
Packers S Eric Stokes
0%
Broncos OT Garett Bolles
0%
Vikings C Garrett Bradbury
0%
Titans LB Harold Landry
0%
Commanders WR Jahan Dotson
0%
Steelers C James Daniels
0%
Cowboys S Jaron Kearse
0%
Browns OL JC Tretter
0%
Browns LB Jeremiah Owusu-Koramoah
0%
Commanders DT Jonathan Allen
0%
Eagles DT Jordan Davis
0%
Eagles OT Jordan Mailata
0%
Seahawks LB Jordyn Brooks
0%
Lions DE Julian Okwara
0%
Colts CB Kenny Moore
0%
Raiders OT Kolton Miller
0%
Colts DT Kwity Paye
0%
Commanders TE Logan Thomas
0%
Saints SS Marcus Maye
0%
Cardinals DE Markus Golden
0%
Saints CB Marshon Lattimore
0%
Chiefs WR Mecole Hardman
0%
Jets RB Michael Carter
0%
Bengals CB Mike Hilton
0%
Raiders CB Nate Hobbs
0%
Chiefs LB Nick Bolton
0%
Falcons WR/KR Olamide Zaccheaus
0%
Packers P Pat O'Donnell
0%
Texans TE Pharaoh Brown
0%
Jets LB Quincy Williams
0%
Packers CB Rasul Douglas
0%
Giants TE Ricky Seals-Jones
0%
Lions LB Romeo Okwara
0%
Browns S Ronnie Harrison
0%
Ravens OT Ronnie Stanley
0%
Texans DT Roy Lopez
0%
Bucs C Ryan Jensen
0%
Bears LT Teven Jenkins
0%
Titans WR Treylon Burks
0%
Bucs OT Tristan Wirfs
0%
Ravens LB Tyus Bowser
0%
No matching quizzes found
Score Distribution
Percent of People with Each Score
Percentile by Number Answered
Your Score History
You have not taken this quiz